书目信息 |
| 题名: |
玛雅故事书
|
|
| 作者: | 谷峰 主编 | |
| 分册: | ||
| 出版信息: | 北京 中国华侨出版社 2021.02 |
|
| 页数: | 261页 | |
| 开本: | 23cm | |
| 丛书名: | 探索之旅 | |
| 单 册: | ||
| 中图分类: | K731.2 | |
| 科图分类: | ||
| 主题词: | 玛雅文化--ma ya wen hua--通俗读物 | |
| 电子资源: | ||
| ISBN: | 978-7-5113-8268-9 | |
| 000 | 00946nam 2200253 450 | |
| 001 | CAL 0120217107727 | |
| 005 | 20230217093112.0 | |
| 010 | @a978-7-5113-8268-9@dCNY48.00 | |
| 100 | @a20210201d2021 em y0chiy0120 ea | |
| 101 | 0 | @achi |
| 102 | @aCN@b110000 | |
| 105 | @ay z 000yy | |
| 106 | @ar | |
| 200 | 1 | @a玛雅故事书@Ama ya gu shi shu@f谷峰主编 |
| 210 | @a北京@c中国华侨出版社@d2021.02 | |
| 215 | @a261页@d23cm | |
| 225 | 2 | @a探索之旅@Atan suo zhi lu^ |
| 330 | @a在古代世界文明史上, 玛雅文明似乎是从天而降, 却又在极璀璨之时黯然消失。那些让人大开眼界的城市建筑, 无与伦比的数学造诣与天文历法, 令世人惊叹。古玛雅人与外星文明有关系吗?他们的繁荣因何而起, 又因何消失?他们去了哪里?跟随本书, 一起去探究地球上最古老神秘的文明之一。 | |
| 410 | 0 | @12001 @a探索之旅 |
| 606 | 0 | @a玛雅文化@Ama ya wen hua@j通俗读物 |
| 690 | @aK731.2@v5 | |
| 701 | 0 | @a谷峰@Agu feng@4主编 |
| 801 | 0 | @aCN@bBJXHZP@c20230228 |
| 905 | @b1381283-6@dK731.2@e12@f4 | |
| 玛雅故事书/谷峰主编.-北京:中国华侨出版社,2021.02 |
| 261页;23cm.-(探索之旅) |
| ISBN 978-7-5113-8268-9:CNY48.00 |
| 在古代世界文明史上, 玛雅文明似乎是从天而降, 却又在极璀璨之时黯然消失。那些让人大开眼界的城市建筑, 无与伦比的数学造诣与天文历法, 令世人惊叹。古玛雅人与外星文明有关系吗?他们的繁荣因何而起, 又因何消失?他们去了哪里?跟随本书, 一起去探究地球上最古老神秘的文明之一。 |
| ● |
| 相关链接 |
|
|
|
|
正题名:玛雅故事书
索取号:K731.2/12
 
预约/预借
| 序号 | 登录号 | 条形码 | 馆藏地/架位号 | 状态 | 备注 |
| 1 | 1381283 | 213812837 | 第二样本阅览室/ [索取号:K731.2/12] | 在馆 | |
| 2 | 1381284 | 213812846 | 第二借阅区/ [索取号:K731.2/12] | 在馆 | |
| 3 | 1381285 | 213812855 | 第二借阅区/ [索取号:K731.2/12] | 在馆 | |
| 4 | 1381286 | 213812864 | 第二借阅区/ [索取号:K731.2/12] | 在馆 |